| 000 | 00443nam a2200169Ia 4500 | ||
|---|---|---|---|
| 008 | 230718s9999 xx 000 0 und d | ||
| 041 | _aeng | ||
| 082 |
_a005.74 _bROB |
||
| 100 | _aRob P. | ||
| 245 | _aDatabase Systems Desgin Implementation And Management | ||
| 250 | _a4th ed. | ||
| 260 |
_c2001 _bThomson Publication |
||
| 300 | _a750 | ||
| 365 |
_cRs. _b437.00 |
||
| 700 | _aRob P.& Coronel C. | ||
| 906 |
_dB:13-Jul-2004 _cCOMP _b65.55 |
||
| 999 |
_c305613 _d305613 |
||